[Event "Bayern-chI Bank Hofmann 26th"]
[Site "Tegernsee"]
[Date "2023.11.04"]
[Round "8"]
[White "Wacker, Peter"]
[Black "Meissner, Felix"]
[Result "0-1"]
[WhiteElo "2234"]
[BlackElo "2382"]
[PlyCount "68"]
[EventDate "2023.10.28"]
[EventType "swiss"]
[EventRounds "9"]
[EventCountry "GER"]
[SourceTitle "Mega2024 Update 01"]
[Source "Chessbase"]
[SourceDate "2023.11.12"]
[SourceVersion "1"]
[SourceVersionDate "2023.11.12"]
[SourceQuality "1"]

1. d4 Nf6 2. Bf4 c5 3. e3 Qb6 4. Nc3 e6 5. a3 d5 6. dxc5 Bxc5 7. Nf3 Bd7 8. Rb1 0-0 9. Bd3 Bc6 10. 0-0 Be7 11. Ne5 Nbd7 12. Nxc6 bxc6 13. Na4 Qd8 14. c4 a5 15. h3 Nb6 16. Nxb6 Qxb6 17. b4 axb4 18. axb4 dxc4 19. Bxc4 Rad8 20. Qb3 Ne4 21. b5 Nd2 22. Qc2 Nxf1 23. Bxf1 Rc8 24. Qe4 cxb5 25. Bxb5 Qc5 26. Bd3 g6 27. Rb5 Qc1+ 28. Kh2 Qc6 29. Qxc6 Rxc6 30. Be4 Ra6 31. Rb2 Bd6 32. Bxd6 Rxd6 33. f4 Re8 34. Rb5 h5 0-1

[Event "Titled Tuesday intern op 19th Sep Early"]
[Site "Chess.com INT"]
[Date "2023.09.19"]
[Round "6"]
[White "Wacker, Peter"]
[Black "Masague Artero, Guerau"]
[Result "0-1"]
[WhiteElo "2260"]
[BlackElo "2305"]
[PlyCount "148"]
[EventDate "2023.09.19"]
[EventType "swiss (blitz)"]
[EventRounds "11"]
[EventCountry "USA"]
[SourceTitle "EXT 2024"]
[Source "ChessBase"]
[SourceDate "2023.10.10"]
[SourceVersion "1"]
[SourceVersionDate "2023.10.10"]
[SourceQuality "1"]

1. e4 g6 2. c3 Bg7 3. d4 d6 4. f4 Nf6 5. Bd3 c5 6. e5 Nd5 7. Nf3 cxd4 8. cxd4 Nc6 9. a3 Bg4 10. Be4 e6 11. Bxd5 exd5 12. 0-0 0-0 13. Qd3 Qb6 14. Nc3 Bxf3 15. gxf3 dxe5 16. Nxd5 Qxd4+ 17. Qxd4 exd4 18. Rd1 Rad8 19. Nb4 Na5 20. Rd3 Rfe8 21. Kf2 Bf6 22. Bd2 Bh4+ 23. Kf1 Nc4 24. b3 Nb2 25. Rb1 Nxd3 26. Nxd3 Be7 27. b4 Rc8 28. Rb2 Bd6 29. h3 f5 30. Kf2 Rc4 31. Kf1 Kf7 32. Kf2 Ke6 33. Kf1 Kd5 34. Kf2 Rec8 35. Ne1 b5 36. Ke2 Be7 37. Kd3 Bh4 38. Nc2 Rc3+ 39. Bxc3 Rxc3+ 40. Ke2 d3+ 41. Kd2 Rxc2+ 42. Rxc2 dxc2 43. Kxc2 Bg3 44. Kd3 Bxf4 45. h4 Bd6 46. h5 gxh5 47. Ke3 a6 48. Kd3 h4 49. Ke2 h3 50. Kf2 Kc4 51. Kg1 Kb3 52. f4 Bxf4 53. Kh1 Bd6 54. a4 Kxa4 55. Kg1 Kxb4 56. Kf2 Kc4 57. Kf3 Kd5 58. Ke3 a5 59. Kd2 a4 60. Kc3 b4+ 61. Kb2 a3+ 62. Kb1 Kc4 63. Ka2 b3+ 64. Kb1 Kd3 65. Kc1 h5 66. Kb1 h4 67. Kc1 Bg3 68. Kd1 f4 69. Kc1 f3 70. Kd1 h2 71. Kc1 h3 72. Kd1 Kc3 73. Kc1 f2 74. Kd1 f1Q# 0-1

[Event "Rheinland Pfalz Seniors op"]
[Site "Altenkirchen"]
[Date "2023.09.10"]
[Round "6"]
[White "Kolthoff, Siegmund"]
[Black "Wacker, Peter"]
[Result "1/2-1/2"]
[WhiteElo "2048"]
[BlackElo "2260"]
[PlyCount "68"]
[EventDate "2023.09.05"]
[EventType "swiss"]
[EventRounds "9"]
[EventCountry "GER"]
[SourceTitle "EXT 2024"]
[Source "ChessBase"]
[SourceDate "2023.10.10"]
[SourceVersion "1"]
[SourceVersionDate "2023.10.10"]
[SourceQuality "1"]

1. e4 c6 2. d4 d5 3. exd5 cxd5 4. Bd3 Nc6 5. c3 Nf6 6. Bf4 g6 7. h3 Bf5 8. Nf3 Bxd3 9. Qxd3 Qb6 10. Qe2 Bg7 11. 0-0 0-0 12. Na3 a6 13. Rab1 Rfe8 14. Nc2 Rad8 15. Ne5 Nd7 16. Rfe1 Ndxe5 17. dxe5 e6 18. Qg4 Rd7 19. Qg3 Rc8 20. Ne3 h5 21. Nf1 Qc7 22. Nd2 b5 23. Rbc1 Qb7 24. Nb3 Ne7 25. Nd4 Rdc7 26. a3 a5 27. Bg5 Nc6 28. Nf3 b4 29. axb4 axb4 30. Bf6 bxc3 31. bxc3 Bh6 32. Bg5 Bg7 33. Bf6 Ne7 34. Qg5 Nf5 1/2-1/2

[Event "Rheinland Pfalz Seniors op"]
[Site "Altenkirchen"]
[Date "2023.09.09"]
[Round "5"]
[White "Wacker, Peter"]
[Black "Zunker, Reinhard"]
[Result "1-0"]
[WhiteElo "2260"]
[BlackElo "1952"]
[PlyCount "79"]
[EventDate "2023.09.05"]
[EventType "swiss"]
[EventRounds "9"]
[EventCountry "GER"]
[SourceTitle "EXT 2024"]
[Source "ChessBase"]
[SourceDate "2023.10.10"]
[SourceVersion "1"]
[SourceVersionDate "2023.10.10"]
[SourceQuality "1"]

1. Nf3 d5 2. d4 Bf5 3. c4 e6 4. Nc3 c6 5. Bf4 Bd6 6. Bxd6 Qxd6 7. Qb3 Nd7 8. e3 Ngf6 9. Be2 h6 10. 0-0 0-0 11. Rfd1 b6 12. Rac1 Ne4 13. h3 a5 14. a3 Rfb8 15. cxd5 exd5 16. Nxe4 Bxe4 17. Nd2 Bf5 18. Bf3 Nf6 19. Nb1 Ra7 20. Qc3 Rc8 21. Qd2 Re7 22. Nc3 Qd8 23. Ne2 Be4 24. Bg4 Rcc7 25. Ng3 Bg6 26. Bf3 Be4 27. Rc3 Qc8 28. Be2 Bg6 29. Bf3 Be4 30. Bxe4 Nxe4 31. Nxe4 Rxe4 32. Rdc1 Re6 33. b4 Qa6 34. bxa5 Qxa5 35. Qc2 c5 36. dxc5 d4 37. exd4 Rec6 38. Qf5 g6 39. Qd5 Re6 40. Qd8+ 1-0

[Event "Titled Tuesday intern op 29th Aug Early"]
[Site "Chess.com INT"]
[Date "2023.08.29"]
[Round "8"]
[White "Kohler, Aran"]
[Black "Wacker, Peter"]
[Result "1-0"]
[WhiteElo "2011"]
[BlackElo "2260"]
[PlyCount "77"]
[EventDate "2023.08.29"]
[EventType "swiss (blitz)"]
[EventRounds "11"]
[EventCountry "USA"]
[SourceTitle "EXT 2024"]
[Source "ChessBase"]
[SourceDate "2023.10.10"]
[SourceVersion "1"]
[SourceVersionDate "2023.10.10"]
[SourceQuality "1"]

1. Nf3 Nf6 2. d4 d5 3. Bg5 e6 4. Nbd2 Nbd7 5. c3 Be7 6. e3 Ne4 7. Nxe4 dxe4 8. Bxe7 Qxe7 9. Nd2 f5 10. Qh5+ g6 11. Qh6 c6 12. Bc4 e5 13. Bb3 exd4 14. cxd4 Nf6 15. h3 Be6 16. Qf4 Nd5 17. Qe5 Kf7 18. Nc4 Rad8 19. 0-0 Rhe8 20. Qg3 Kg7 21. Ne5 Nf6 22. f4 exf3 23. gxf3 Nh5 24. Qg2 f4 25. Rae1 a6 26. Ng4 Bxb3 27. axb3 fxe3 28. Rxe3 Qd6 29. Rxe8 Qxd4+ 30. Re3 Nf4 31. Qh2 h5 32. Kh1 hxg4 33. Re7+ Kf8 34. Re4 Qd3 35. Qxf4+ Kg8 36. Rfe1 gxf3 37. Re8+ Rxe8 38. Rxe8+ Kg7 39. Qf8+ 1-0

[Event "Titled Tuesday intern op 29th Aug Early"]
[Site "Chess.com INT"]
[Date "2023.08.29"]
[Round "7"]
[White "Wacker, Peter"]
[Black "Goncharov, Vladimir"]
[Result "0-1"]
[WhiteElo "2260"]
[BlackElo "2077"]
[PlyCount "52"]
[EventDate "2023.08.29"]
[EventType "swiss (blitz)"]
[EventRounds "11"]
[EventCountry "USA"]
[SourceTitle "EXT 2024"]
[Source "ChessBase"]
[SourceDate "2023.10.10"]
[SourceVersion "1"]
[SourceVersionDate "2023.10.10"]
[SourceQuality "1"]

1. e4 e6 2. d4 d5 3. Nd2 Be7 4. Ngf3 Nf6 5. Bd3 c5 6. exd5 exd5 7. dxc5 0-0 8. 0-0 Bxc5 9. h3 h6 10. Nb3 Bd6 11. c3 Nc6 12. Nbd4 a6 13. Re1 Bc7 14. Be3 Qd6 15. Nf5 Bxf5 16. Bxf5 Ne5 17. g3 Nc4 18. Bf4 Qb6 19. Bxc7 Qxc7 20. Rb1 Rfe8 21. Rxe8+ Rxe8 22. Bc2 Ne3 23. Qd3 Nxc2 24. Qxc2 Qc4 25. Qb3 Qd3 26. Rd1 Qxf3 0-1

[Event "Titled Tuesday intern op 29th Aug Early"]
[Site "Chess.com INT"]
[Date "2023.08.29"]
[Round "3"]
[White "Wacker, Peter"]
[Black "Issabayev, Dias"]
[Result "0-1"]
[WhiteElo "2260"]
[BlackElo "2203"]
[PlyCount "68"]
[EventDate "2023.08.29"]
[EventType "swiss (blitz)"]
[EventRounds "11"]
[EventCountry "USA"]
[SourceTitle "EXT 2024"]
[Source "ChessBase"]
[SourceDate "2023.10.10"]
[SourceVersion "1"]
[SourceVersionDate "2023.10.10"]
[SourceQuality "1"]

1. e4 c5 2. Nf3 d6 3. Bb5+ Bd7 4. Bxd7+ Nxd7 5. 0-0 Ngf6 6. Re1 Rc8 7. c4 g6 8. Nc3 Bg7 9. d3 0-0 10. Bg5 h6 11. Be3 a6 12. Rc1 e6 13. b3 Ne5 14. d4 Nxf3+ 15. Qxf3 Nd7 16. Red1 Qa5 17. Qe2 b5 18. Bd2 cxd4 19. Nxb5 Qxa2 20. Nxd6 Rc6 21. Ra1 d3 22. Qxd3 Bxa1 23. Bxh6 Bg7 24. Bxg7 Kxg7 25. Qd4+ e5 26. Qd5 Rc5 27. Nf5+ gxf5 28. Qxd7 Qxb3 29. Re1 Qc3 30. Rf1 Qxc4 31. Qxf5 Qe6 32. Qh5 Qg6 33. Qe2 Rfc8 34. Qb2 Qxe4 0-1

[Event "EU-ch Seniors 50 22nd"]
[Site "Acqui Terme"]
[Date "2023.05.26"]
[Round "1"]
[White "Wacker, Peter"]
[Black "Genovese, Alberto"]
[Result "1/2-1/2"]
[WhiteElo "2265"]
[BlackElo "1921"]
[PlyCount "40"]
[EventDate "2023.05.26"]
[EventType "swiss"]
[EventRounds "9"]
[EventCountry "ITA"]
[SourceTitle "CBM 214 Extra"]
[Source "ChessBase"]
[SourceDate "2023.07.31"]
[SourceVersion "1"]
[SourceVersionDate "2023.07.31"]
[SourceQuality "1"]

1. e4 e6 2. d4 d5 3. Nd2 Be7 4. Ngf3 Nf6 5. Bd3 c5 6. exd5 Nxd5 7. dxc5 Bxc5 8. 0-0 0-0 9. Ne4 Be7 10. c3 b6 11. Qe2 Bb7 12. Neg5 Nf6 13. Bf4 h6 14. Ne4 Qd5 15. c4 Qh5 16. h3 Nbd7 17. Ned2 Rac8 18. Rfe1 Rfd8 19. Rad1 Bb4 20. Be3 Bxf3 1/2-1/2

[Event "Bad Woerishofen op 38th"]
[Site "Bad Woerishofen"]
[Date "2023.03.11"]
[Round "9"]
[White "Pandey, Srishti"]
[Black "Wacker, Peter"]
[Result "1/2-1/2"]
[WhiteElo "2146"]
[BlackElo "2273"]
[PlyCount "58"]
[EventDate "2023.03.03"]
[EventType "swiss"]
[EventRounds "9"]
[EventCountry "GER"]
[SourceTitle "CBM 213 Extra"]
[Source "ChessBase"]
[SourceDate "2023.05.31"]
[SourceVersion "1"]
[SourceVersionDate "2023.05.31"]
[SourceQuality "1"]

1. d4 d5 2. c4 e6 3. Nc3 Nf6 4. cxd5 exd5 5. Bg5 Bb4 6. e3 h6 7. Bh4 g5 8. Bg3 Ne4 9. Nge2 h5 10. h4 Nxg3 11. Nxg3 g4 12. Qb3 Nc6 13. Bb5 Qd6 14. 0-0 Bxc3 15. Qxc3 Bd7 16. e4 0-0-0 17. e5 Qe7 18. Bxc6 Bxc6 19. Nf5 Qe6 20. Ne3 f6 21. exf6 Qxf6 22. g3 Rde8 23. b4 Re4 24. Rfd1 Rf8 25. Rd2 Qf3 26. Rc1 Rf7 27. Rb2 a6 28. Rbc2 Ba4 29. Rd2 Bc6 1/2-1/2

[Event "Bad Woerishofen op 38th"]
[Site "Bad Woerishofen"]
[Date "2023.03.05"]
[Round "3"]
[White "Kovchan, Alexander"]
[Black "Wacker, Peter"]
[Result "1-0"]
[WhiteElo "2447"]
[BlackElo "2273"]
[PlyCount "67"]
[EventDate "2023.03.03"]
[EventType "swiss"]
[EventRounds "9"]
[EventCountry "GER"]
[SourceTitle "CBM 213 Extra"]
[Source "ChessBase"]
[SourceDate "2023.05.31"]
[SourceVersion "1"]
[SourceVersionDate "2023.05.31"]
[SourceQuality "1"]

1. e4 e5 2. Nf3 Nf6 3. Nxe5 d6 4. Nf3 Nxe4 5. d4 d5 6. Bd3 Bd6 7. c4 c6 8. 0-0 0-0 9. Qc2 h6 10. cxd5 cxd5 11. Bxe4 dxe4 12. Qxe4 Re8 13. Qd3 Nc6 14. Nc3 Nb4 15. Qd1 Be6 16. Bd2 Rc8 17. h3 Nd5 18. Re1 Bb8 19. a3 Nxc3 20. Bxc3 Qd6 21. Bb4 Qd5 22. Rc1 Rxc1 23. Qxc1 Rc8 24. Qe3 Bd6 25. Bxd6 Qxd6 26. Rc1 Rd8 27. Qe5 Qa6 28. Rc5 Qd3 29. Qc7 Rd7 30. Qb8+ Kh7 31. Rc8 Qd1+ 32. Kh2 Rxd4 33. Rh8+ Kg6 34. Qg3+ 1-0

[Event "Bad Woerishofen op 38th"]
[Site "Bad Woerishofen"]
[Date "2023.03.04"]
[Round "2"]
[White "Wacker, Peter"]
[Black "Schaefer, Michael"]
[Result "1-0"]
[WhiteElo "2273"]
[BlackElo "2063"]
[PlyCount "47"]
[EventDate "2023.03.03"]
[EventType "swiss"]
[EventRounds "9"]
[EventCountry "GER"]
[SourceTitle "CBM 213 Extra"]
[Source "ChessBase"]
[SourceDate "2023.05.31"]
[SourceVersion "1"]
[SourceVersionDate "2023.05.31"]
[SourceQuality "1"]

1. c4 e6 2. Nc3 d5 3. d4 Be7 4. cxd5 exd5 5. Bf4 c6 6. e3 Bf5 7. g4 Be6 8. Bd3 Nd7 9. h3 h5 10. gxh5 Ngf6 11. Qb3 Qb6 12. Qc2 Nxh5 13. Bh2 Nhf6 14. 0-0-0 Ne4 15. Bxe4 dxe4 16. Qxe4 Nf6 17. Qc2 Nd5 18. Nge2 Nxc3 19. Nxc3 Rxh3 20. Be5 Rxh1 21. Rxh1 Bf8 22. Rh8 0-0-0 23. d5 cxd5 24. Rxf8 1-0

[Event "GER-ch Seniors 50 34th"]
[Site "Magdeburg"]
[Date "2022.08.16"]
[Round "5"]
[White "Koscielski, Janusch"]
[Black "Wacker, Peter"]
[Result "1/2-1/2"]
[WhiteElo "2255"]
[BlackElo "2263"]
[PlyCount "42"]
[EventDate "2022.08.12"]
[EventType "swiss"]
[EventRounds "9"]
[EventCountry "GER"]
[SourceTitle "CBM 209 Extra"]
[Source "ChessBase"]
[SourceDate "2022.09.30"]
[SourceVersion "1"]
[SourceVersionDate "2022.09.30"]
[SourceQuality "1"]

1. e4 e5 2. Nf3 Nc6 3. Nc3 Nf6 4. Bb5 Nd4 5. Bc4 d6 6. Ng5 d5 7. exd5 h6 8. Nf3 Bg4 9. Be2 Bxf3 10. Bxf3 Nxf3+ 11. Qxf3 Bb4 12. 0-0 0-0 13. d3 Bxc3 14. bxc3 Qxd5 15. Qxd5 Nxd5 16. Bb2 f6 17. c4 Nf4 18. Rfe1 Kf7 19. Rab1 b6 20. a4 Ne6 21. a5 g5 1/2-1/2

[Event "GER-ch Seniors 50 34th"]
[Site "Magdeburg"]
[Date "2022.08.14"]
[Round "3"]
[White "Wenner, Tobias"]
[Black "Wacker, Peter"]
[Result "0-1"]
[WhiteElo "2099"]
[BlackElo "2263"]
[PlyCount "92"]
[EventDate "2022.08.12"]
[EventType "swiss"]
[EventRounds "9"]
[EventCountry "GER"]
[SourceTitle "CBM 209 Extra"]
[Source "ChessBase"]
[SourceDate "2022.09.30"]
[SourceVersion "1"]
[SourceVersionDate "2022.09.30"]
[SourceQuality "1"]

1. Nf3 d5 2. c4 d4 3. b4 Bg4 4. Qb3 Bxf3 5. Qxf3 c6 6. Qb3 e5 7. d3 a5 8. bxa5 Qxa5+ 9. Bd2 Qc7 10. g3 Na6 11. Bg2 Nf6 12. a4 Bd6 13. a5 0-0 14. 0-0 Rfe8 15. e3 dxe3 16. Bxe3 Bc5 17. Nd2 Red8 18. Ne4 Nxe4 19. dxe4 Bd4 20. Ra3 Bxe3 21. fxe3 c5 22. Rd1 Rxd1+ 23. Qxd1 Nb4 24. Bh3 Rd8 25. Qe2 g6 26. Ra1 Rd6 27. Qg4 Kg7 28. Qc8 Qe7 29. Rf1 Rd8 30. Qg4 Nc6 31. Rd1 Nxa5 32. Bf1 Nc6 33. Qe2 Nb4 34. Rd2 Qc7 35. Qd1 Rxd2 36. Qxd2 Qc6 37. Kf2 Qxe4 38. Qd6 Qf5+ 39. Kg1 e4 40. Qc7 Nd3 41. Bxd3 exd3 42. Qxb7 Qg4 43. Qb2+ f6 44. Qb7+ Kh6 45. Qd5 Qd1+ 46. Kg2 Qe2+ 0-1

[Event "Bodensee op"]
[Site "Bregenz"]
[Date "2022.05.26"]
[Round "6"]
[White "Vaishali, Ramesh Babu"]
[Black "Wacker, Peter"]
[Result "1-0"]
[WhiteElo "2409"]
[BlackElo "2264"]
[PlyCount "89"]
[EventDate "2022.05.21"]
[EventType "swiss"]
[EventRounds "9"]
[EventCountry "AUT"]
[SourceTitle "CBM 208 Extra"]
[Source "ChessBase"]
[SourceDate "2022.07.31"]
[SourceVersion "1"]
[SourceVersionDate "2022.07.31"]
[SourceQuality "1"]

1. e4 e5 2. Nf3 Nc6 3. Bb5 f5 4. d3 fxe4 5. dxe4 Nf6 6. 0-0 d6 7. Nc3 a6 8. Ba4 b5 9. Bb3 Na5 10. Bg5 Be7 11. Bxf6 Bxf6 12. Qd5 Nxb3 13. axb3 Rb8 14. b4 Qd7 15. Rfd1 Qf7 16. Qc6+ Qd7 17. Qxd7+ Kxd7 18. Nd5 Bd8 19. Ra3 Ke6 20. Rc3 Kd7 21. Rcd3 Ke6 22. b3 Bb7 23. c4 c6 24. Ne3 Bf6 25. h4 h6 26. h5 Rhd8 27. Nh2 Bc8 28. Ra1 bxc4 29. Nxc4 d5 30. Na5 Rd6 31. Nxc6 Rb5 32. Na7 Rb8 33. Nxc8 Rxc8 34. exd5+ Kf5 35. g4+ Kg5 36. Re1 g6 37. hxg6 Rcd8 38. Nf3+ Kf4 39. Rde3 Kxg4 40. Nxe5+ Bxe5 41. Rxe5 Rxg6 42. R1e4+ Kf3+ 43. Kf1 Rg4 44. Re3+ Kf4 45. Ke2 1-0

[Event "Rottach Egern Seniors Cup 10th"]
[Site "Rottach Egern"]
[Date "2022.03.30"]
[Round "5"]
[White "Wacker, Peter"]
[Black "Doncevic, Dario"]
[Result "1/2-1/2"]
[WhiteElo "2268"]
[BlackElo "2215"]
[PlyCount "40"]
[EventDate "2022.03.26"]
[EventType "swiss"]
[EventRounds "9"]
[EventCountry "GER"]
[SourceTitle "CBM 207 Extra"]
[Source "ChessBase"]
[SourceDate "2022.05.31"]
[SourceVersion "1"]
[SourceVersionDate "2022.05.31"]
[SourceQuality "1"]

1. d4 Nf6 2. Nf3 g6 3. e3 Bg7 4. Be2 0-0 5. 0-0 d6 6. b3 Nbd7 7. Bb2 e5 8. dxe5 Ng4 9. c4 dxe5 10. e4 Re8 11. Nc3 c6 12. Qc2 Qe7 13. Rad1 Nf8 14. h3 Nh6 15. Qc1 Ne6 16. Na4 Nf4 17. Rfe1 f6 18. Bf1 Bf8 19. Nc3 Nf7 20. Qc2 Be6 1/2-1/2

[Event "Rottach Egern Seniors Cup 10th"]
[Site "Rottach Egern"]
[Date "2022.03.27"]
[Round "2"]
[White "Hornung, Hans"]
[Black "Wacker, Peter"]
[Result "1/2-1/2"]
[WhiteElo "2041"]
[BlackElo "2268"]
[PlyCount "48"]
[EventDate "2022.03.26"]
[EventType "swiss"]
[EventRounds "9"]
[EventCountry "GER"]
[SourceTitle "CBM 207 Extra"]
[Source "ChessBase"]
[SourceDate "2022.05.31"]
[SourceVersion "1"]
[SourceVersionDate "2022.05.31"]
[SourceQuality "1"]

1. Nf3 d5 2. g3 Nc6 3. d4 Bf5 4. Bg2 Nb4 5. 0-0 e6 6. c4 c6 7. Nc3 Nf6 8. Bg5 h6 9. Bxf6 gxf6 10. a3 Na6 11. Re1 Be7 12. e4 dxe4 13. Nxe4 Nc7 14. Qd2 Bxe4 15. Rxe4 Kf8 16. Rd1 Ne8 17. Ree1 Nd6 18. Qe2 Rc8 19. Bh3 Rb8 20. d5 cxd5 21. cxd5 e5 22. Nh4 Qb6 23. Nf5 Nxf5 24. Bxf5 Rd8 1/2-1/2

[Event "Rottach Egern Seniors Cup 9th"]
[Site "Rottach Egern"]
[Date "2021.10.28"]
[Round "7"]
[White "Hecht, Hans Joachim"]
[Black "Wacker, Peter"]
[Result "1/2-1/2"]
[WhiteElo "2306"]
[BlackElo "2219"]
[PlyCount "27"]
[EventDate "2021.10.22"]
[EventType "swiss"]
[EventRounds "7"]
[EventCountry "GER"]
[SourceTitle "CBM 204 Extra"]
[Source "ChessBase"]
[SourceDate "2021.11.30"]
[SourceVersion "1"]
[SourceVersionDate "2021.11.30"]
[SourceQuality "1"]

1. d4 Nf6 2. c4 e6 3. Nf3 d5 4. Nc3 dxc4 5. e3 a6 6. a4 c5 7. Bxc4 Nc6 8. 0-0 Be7 9. Qe2 cxd4 10. Rd1 e5 11. exd4 exd4 12. Nxd4 Nxd4 13. Qe5 Qd6 14. Qxd4 1/2-1/2

[Event "Rottach Egern Seniors Cup 9th"]
[Site "Rottach Egern"]
[Date "2021.10.23"]
[Round "2"]
[White "Wacker, Peter"]
[Black "Schmitz, Andreas Arnold"]
[Result "1-0"]
[WhiteElo "2219"]
[BlackElo "2013"]
[PlyCount "65"]
[EventDate "2021.10.22"]
[EventType "swiss"]
[EventRounds "7"]
[EventCountry "GER"]
[SourceTitle "CBM 204 Extra"]
[Source "ChessBase"]
[SourceDate "2021.11.30"]
[SourceVersion "1"]
[SourceVersionDate "2021.11.30"]
[SourceQuality "1"]

1. d4 d5 2. Bg5 Nf6 3. e3 e6 4. Nd2 Be7 5. Bd3 b6 6. Ngf3 Bb7 7. Ne5 Ne4 8. Bf4 0-0 9. f3 Bh4+ 10. g3 Nxd2 11. gxh4 Nc4 12. Nxc4 dxc4 13. Bxc4 Qxh4+ 14. Bg3 Qe7 15. Qe2 c5 16. c3 cxd4 17. exd4 Qf6 18. Rf1 Nc6 19. 0-0-0 Ne7 20. Be5 Qh6+ 21. Kb1 a6 22. Bd3 b5 23. Be4 Nd5 24. Rde1 f6 25. Bg3 f5 26. Bc2 f4 27. Bf2 Rf6 28. Be4 Rc8 29. Rg1 Qh3 30. Rg4 Rh6 31. Reg1 Rc7 32. Bxd5 Bxd5 33. Qe5 1-0

[Event "Biel HTO 54th"]
[Site "Biel"]
[Date "2021.07.29"]
[Round "4"]
[White "Wacker, Peter"]
[Black "Vasquez Toledo, Cristian"]
[Result "0-1"]
[WhiteElo "2263"]
[BlackElo "2064"]
[PlyCount "62"]
[EventDate "2021.07.26"]
[EventType "swiss"]
[EventRounds "9"]
[EventCountry "SUI"]
[SourceTitle "CBM 203 Extra"]
[Source "ChessBase"]
[SourceDate "2021.09.30"]
[SourceVersion "1"]
[SourceVersionDate "2021.09.30"]
[SourceQuality "1"]

1. e4 c5 2. Nf3 Nc6 3. Bb5 g6 4. Bxc6 bxc6 5. 0-0 Bg7 6. c3 Nh6 7. Re1 0-0 8. h3 d5 9. e5 c4 10. d4 cxd3 11. Qxd3 Qb6 12. b4 f6 13. e6 Nf5 14. Bf4 a5 15. g4 Nd6 16. Be3 Qc7 17. Bd4 Ne4 18. Nbd2 Bxe6 19. Nxe4 dxe4 20. Qxe4 Bd5 21. Qe2 axb4 22. c4 Bf7 23. Bc5 Rfe8 24. Bxb4 Ra4 25. a3 c5 26. Qc2 Rea8 27. Bc3 Rxc4 28. Nd2 Rca4 29. Bb4 f5 30. Rac1 Bd4 31. Nf3 Qg3+ 0-1

[Event "Bayern-chI Bank Hofmann 23rd"]
[Site "Tegernsee"]
[Date "2019.11.02"]
[Round "8"]
[White "Wacker, Peter"]
[Black "Kaiser, Elmar"]
[Result "1-0"]
[WhiteElo "2295"]
[BlackElo "2131"]
[PlyCount "23"]
[EventDate "2019.10.26"]
[EventType "swiss"]
[EventRounds "9"]
[EventCountry "GER"]
[SourceTitle "CBM 192 Extra"]
[Source "Chessbase"]
[SourceDate "2019.11.06"]
[SourceVersion "1"]
[SourceVersionDate "2019.11.06"]
[SourceQuality "1"]

1. e4 e5 2. Nf3 Nf6 3. d4 Nxe4 4. Bd3 d5 5. Nxe5 Bf5 6. 0-0 Be7 7. Qf3 Qc8 8. Nc3 Nc6 9. Nxc6 bxc6 10. Nxe4 Bg4 11. Qg3 dxe4 12. Bxe4 1-0

[Event "Bodensee op"]
[Site "Bregenz"]
[Date "2019.06.02"]
[Round "9"]
[White "Novkovic, Julia"]
[Black "Wacker, Peter"]
[Result "1/2-1/2"]
[WhiteElo "2107"]
[BlackElo "2318"]
[PlyCount "50"]
[EventDate "2019.05.25"]
[EventType "swiss"]
[EventRounds "9"]
[EventCountry "AUT"]
[SourceTitle "CBM 190 Extra"]
[Source "ChessBase"]
[SourceDate "2019.07.15"]
[SourceVersion "1"]
[SourceVersionDate "2019.07.15"]
[SourceQuality "1"]

1. e4 e5 2. Nf3 Nc6 3. Bc4 Bc5 4. c3 Nf6 5. d3 a6 6. Nbd2 d6 7. Bb3 Ba7 8. Nf1 h6 9. h3 d5 10. Qe2 0-0 11. g4 dxe4 12. dxe4 Nh7 13. Rg1 Be6 14. h4 Qd7 15. Bxe6 Qxe6 16. Ng3 Rfe8 17. g5 hxg5 18. Bxg5 f6 19. Bd2 Ne7 20. h5 f5 21. Nh4 fxe4 22. Nxe4 Rf8 23. 0-0-0 Rf7 24. Ng6 Re8 25. b3 Nd5 1/2-1/2